| 000 | 00497nam a22001697a 4500 | ||
|---|---|---|---|
| 999 |
_c525660 _d525660 |
||
| 003 | NUST | ||
| 020 | _c(Hbk) | ||
| 038 | _aM. Shaban | ||
| 082 |
_a297.692 _bSYE |
||
| 100 |
_aSyed Abu Alkmal Brak Noshahi _916597 |
||
| 245 |
_aZakheera altwariikh / _cSyed Abu Alkmal Brak Noshahi |
||
| 260 |
_aUK : _bNazam Ala Noshahi, _c1982. |
||
| 300 | _a176 p. ; | ||
| 880 |
_6100-01\r _aسیدابُوالکمال برق نوشاہی |
||
| 880 |
_6245-02/r _aذخیرہ التواریخ / |
||
| 942 |
_2ddc _cBK |
||